01270nam a2200373 i 45000010005000000030009000050050017000140080041000310400036000720410018001080460009001260800014001350800007001490800012001562450104001682600049002723000067003213360027003883370054004153380028004693800016004973800027005133880014005403880014005546580021005686550030005896500022006197000029006418560097006709420012007679990015007799520051007949520051008451858KOSZ 00520191012123224.0950505s1975 ge f |000 0 ger d cKOSZ 005aKOSZ 005dKOSZ 005/HR agerarusaeng k1967 a811.112.2 a62 a(075.8) 0aDeutsch für Techniker :bein Lese- und Übungsbuch für Ausländer /c[Hans Eisenreich et al.] aLeipzig :bVEB Verlag Enzyklopädie,c1982. a374 s. :bil. ;c23 cm +eFachwortverzeichnis : 93 s. ; 23 cm. 2rdacontentaTekstbtxt 2rdamediaaBez urządzenia pośredniczącegobn 2rdacarrieraWoluminbnc aKsiążki aPublikacje dydaktyczne a1901-2000 a1945-1989 aJęzykoznawstwo 4aPodręczniki akademickie 4aJęzyk niemiecki1 aEisenreich, Hans.eAutor uhttp://koha.tu.koszalin.pl/cgi-bin/koha/opac-detail.pl?biblionumber=1858yKatalog online BPK cKS2UKD c1858d1858 00104070aBPKbBPKcwoP 32093p02127491yKS 00104070aBPKbBPKcwoP 32106p02127507yKS